Quiz sulla Lituania - Statistics

Statistiche generali
  • Questo quiz è stato fatto 1.028 volte
  • Il punteggio medio è 13 su 19
Statistiche sulle risposte
Domanda Risposta % Corretto
Stati confinanti Lettonia
99%
Stati confinanti Russia
99%
Stati confinanti Polonia
96%
Capitale Vilnius
96%
Stati confinanti Bielorussia
95%
Stato da cui ha ottenuto l'indipendenza nel 1990 Unione Sovietica
95%
Mare che bagna la Lituania Mar Baltico
91%
Principali organizzazioni internazionali a cui la Lituania ha aderito nel 2004 Unione Europea
81%
Principali organizzazioni internazionali a cui la Lituania ha aderito nel 2004 NATO
79%
Stato lituano esistito dal 1236 al 1795, molto più grande dell'attuale Gran{ducato} di Lituania
73%
Sport più popolare Pallacanestro
71%
Nell'antichità, la Lituania commerciava questa resina arancione con l'Impero Romano Ambra
54%
La Lituania è il secondo paese per consumo di _____ al mondo, la prima è la Moldavia Alcol
51%
La Lituania è stata l'ultima nazione ______ in Europa, è diventata cristiana dal 1387 Pagana
48%
I pellegrini si recano su una collina in Lituania su cui sono collocate oltre 100.000 Croci
42%
Seconda città più popolosa Kaunas
38%
Verdura usata per fare i cepelinai, il piatto nazionale Patata
33%
La Lituania ha combattuto da entrambe le parti di questa guerra dal 1700 al 1721, perdendo il 40% della sua popolazione Grande guerra del {Nord}
31%
Uccello nazionale della Lituania Cicogna
13%
Nessun quiz corrispondente trovato
Distribuzione punteggi
Percentuale di utenti per punteggio
Percentile per numero di risposta
I tuoi punteggi nel tempo
Non hai fatto questo quiz